[Event "Las Americas op U1800 Hybrid"]
[Site "Internet"]
[Date "2022.06.04"]
[Round "1.28"]
[White "Abrantes Rivero, Miguel David"]
[Black "Valle Garcia, Carlos Abraham"]
[Result "0-1"]
[WhiteElo "1604"]
[BlackElo "1210"]
[PlyCount "102"]
[EventDate "2022.06.04"]
[EventType "swiss"]
[EventRounds "6"]
[EventCountry "VEN"]
[SourceTitle "EXT 2024"]
[Source "ChessBase"]
[SourceDate "2023.10.10"]
[SourceVersion "1"]
[SourceVersionDate "2023.10.10"]
[SourceQuality "1"]

1. d4 Nf6 2. c4 e6 3. Nc3 b6 4. a3 Bb7 5. Bg5 Be7 6. e3 d5 7. Nf3 0-0 8. cxd5 Nxd5 9. Bxe7 Qxe7 10. Bd3 Nd7 11. e4 Nxc3 12. bxc3 c5 13. 0-0 cxd4 14. cxd4 Rfd8 15. Qe2 Rac8 16. Ba6 Bxa6 17. Qxa6 Nf6 18. e5 Nd5 19. Rfc1 Qd7 20. h3 Rc7 21. Qd3 h6 22. Qd2 Rdc8 23. Kh2 Rc6 24. Ng1 Qc7 25. Ne2 Rc2 26. Qd3 Rc6 27. Rxc6 Qxc6 28. Rc1 Qb7 29. Qd2 Rc6 30. Nf4 Rxc1 31. Qxc1 Qc7 32. Qxc7 Nxc7 33. a4 a6 34. Kg3 Kf8 35. Kf3 Ke7 36. Ke4 b5 37. a5 g5 38. Nd3 Kd7 39. Nc5+ Kc6 40. Nxa6 Nxa6 41. d5+ exd5+ 42. Kf5 Kd7 43. Kf6 Ke8 44. Kg7 d4 45. Kxh6 d3 46. Kxg5 d2 47. h4 d1Q 48. h5 Qd2+ 49. Kh4 Qxa5 50. g4 Qe1 51. h6 Qxe5 0-1

[Event "Las Americas op U1800 Hybrid"]
[Site "Internet"]
[Date "2022.06.04"]
[Round "6.19"]
[White "Valle Garcia, Carlos Abraham"]
[Black "Roa Romero, Miguelangel Alberto"]
[Result "1-0"]
[WhiteElo "1210"]
[BlackElo "1539"]
[PlyCount "113"]
[EventDate "2022.06.04"]
[EventType "swiss"]
[EventRounds "6"]
[EventCountry "VEN"]
[SourceTitle "EXT 2024"]
[Source "ChessBase"]
[SourceDate "2023.10.10"]
[SourceVersion "1"]
[SourceVersionDate "2023.10.10"]
[SourceQuality "1"]

1. e4 e6 2. d3 d5 3. Nd2 c5 4. Ngf3 Nc6 5. g3 g6 6. Bg2 Bg7 7. c3 Nge7 8. Qe2 0-0 9. 0-0 b6 10. Re1 Bb7 11. h4 Qd7 12. Nf1 Rfe8 13. e5 d4 14. Bf4 Rad8 15. c4 Nc8 16. N1d2 f6 17. exf6 Bxf6 18. Ne4 Be7 19. Bh3 Nb4 20. Nfg5 Bxg5 21. Nxg5 Qc6 22. Bxe6+ Rxe6 23. Qxe6+ Qxe6 24. Nxe6 Re8 25. Nc7 Rxe1+ 26. Rxe1 Kf7 27. Rd1 Nxa2 28. Nb5 Nb4 29. Nd6+ Nxd6 30. Bxd6 Nc6 31. Kf1 Bc8 32. f3 h5 33. Re1 Bf5 34. Ke2 Ke6 35. Bf4 Kd7 36. Bd2 Ne5 37. Ra1 a5 38. Bf4 Nxd3 39. b3 Nb4 40. Bd2 Nc6 41. f4 d3+ 42. Kf2 Nd4 43. Rb1 Bg4 44. Rb2 Be2 45. Bc3 Nf5 46. Rd2 Nd6 47. Rxe2 dxe2 48. Kxe2 Ne4 49. Be1 Ke6 50. Kf3 Kf5 51. Ke3 Nd6 52. Kf3 Ne8 53. Bc3 Nc7 54. Be5 Ne6 55. Ke3 Kg4 56. Ke4 Kxg3 57. f5+ 1-0